| 000 | 00617nam a22001937a 4500 | ||
|---|---|---|---|
| 999 |
_c13593 _d13593 |
||
| 003 | AR-CdUCM | ||
| 008 | 190415b ||||| |||| 00| 0 spa d | ||
| 040 |
_aMUNICIPALIDAD PROVINCIAL DEL CUSCO _cBIBLIOTECA MUNICIPAL DEL CUSCO |
||
| 082 |
_a869.57 / _bP59 |
||
| 100 |
_aPinedo Ramírez, Anita Victoria _932060 |
||
| 245 |
_aPienso ser : _bmis primeros poemas / |
||
| 260 |
_aLima : _bCentro Documentación Andina, _c1990. |
||
| 300 |
_a32 páginas ; _c21 cm. |
||
| 505 | _aContenido: Poesía | ||
| 650 |
_aPoesías peruanas _91481 |
||
| 650 |
_aSiglo XXI. _92856 |
||
| 942 |
_2ddc _cLIBROS |
||
| 945 |
_aacv _d2019-04-15 |
||